Dívky na kopci /
Detektivní román s prvky thrilleru od anglické autorky. Inspektorka Lexi Bennettová čelí dalšímu případu. Tento je však příliš osobní. Dvě podříznuté dívky inspektorce připomínají její dvě sestry.
Uloženo v:
| Série: | Inspektorka Lexi Bennettová,
část 1 |
|---|---|
| Hlavní autor: | |
| Další autoři: | |
| Médium: | E-kniha |
| Jazyk: | Czech |
| Vydáno: |
Praha :
Kniha Zlin,
2024
|
| Vydání: | Vydání první |
| Témata: | |
| Příbuzné jednotky: | Z cyklu::
Inspektorka Lexi Bennettová |
| Tagy: |
Žádné tagy |
| LEADER | 02678nam a2200469 i 4500 | ||
|---|---|---|---|
| 001 | 312359 | ||
| 003 | CZ PrSKC | ||
| 005 | 20260601215721.0 | ||
| 007 | ta | ||
| 008 | 240418s2024 xr g 000 f cze | ||
| 015 | |a cnb003602191 | ||
| 020 | |a 9788076626478 |q (vázáno) | ||
| 035 | |a (OCoLC)1438774062 | ||
| 040 | |a ABG001 |b cze |e rda | ||
| 041 | 1 | |a cze |h eng | |
| 072 | 7 | |a 821.111-3 |x Anglická próza, anglicky psaná |2 Konspekt | |
| 080 | |a 821.111-31 |2 MRF | ||
| 080 | |a (0:82-312.4) |2 MRF | ||
| 100 | 1 | |a Belsham, Alison |7 mzk20181009027 |4 aut | |
| 240 | 1 | 0 | |a Girls on Chalk Hill. |l Česky |
| 245 | 1 | 0 | |a Dívky na kopci / |c Alison Belshamová ; přeložila Anna Matoušková |
| 250 | |a Vydání první | ||
| 264 | 1 | |a Praha : |b Kniha Zlin, |c 2024 | |
| 300 | |a 375 stran ; |c 21 cm | ||
| 336 | |a text |b txt |2 rdacontent | ||
| 337 | |a bez média |b n |2 rdamedia | ||
| 338 | |a svazek |b nc |2 rdacarrier | ||
| 500 | |a Přeloženo z angličtiny | ||
| 520 | 2 | |a Detektivní román s prvky thrilleru od anglické autorky. Inspektorka Lexi Bennettová čelí dalšímu případu. Tento je však příliš osobní. Dvě podříznuté dívky inspektorce připomínají její dvě sestry. |b Kdesi v Canterbury leží na ztichlé stráni dvě dívky. Ve vlasech mají diadém, každá v ruce svírá rudou růži. Mohlo by se zdát, že spí ale mají podříznutá hrdla. Policie záhy zjistí, že jde o dvě ze tří sester a ta poslední se pohřešuje. Pro inspektorku Lexi Bennettovou je mrazivý případ osobní. Před lety totiž ji i její dvě sestry stihl podobný osud. Vrátil se muž, který je v mládí unesl? Při pátrání po identitě vraždícího netvora se inspektorka každou minutou noří hlouběji do temnoty. A čas je proti ní. Nakladatelská anotace. | |
| 655 | 7 | |a anglické romány |7 fd131814 |2 czenas | |
| 655 | 7 | |a detektivní romány |7 fd132010 |2 czenas | |
| 655 | 7 | |a thrillery (romány) |7 fd184206 |2 czenas | |
| 655 | 9 | |a English fiction |2 eczenas | |
| 655 | 9 | |a detective novels |2 eczenas | |
| 655 | 9 | |a thrillers (novels) |2 eczenas | |
| 700 | 1 | |a Matoušková, Anna |7 xx0317182 |4 trl | |
| 787 | 0 | 8 | |i Z cyklu: |t Inspektorka Lexi Bennettová |g 1 |
| 900 | |a ABA001 |b 21 | ||
| 044 | |a xr | ||
| 910 | |a RBIT002 | ||
| 998 | |d 403451 |a https://core.palmknihy.cz/api/books/403451/cover?sh5o4g |b https://core.palmknihy.cz/api/books/403451/cover/400?sh5o4g |c https://core.palmknihy.cz/api/books/403451/cover/50?sh5o4g |e 2030-09-26 |g 376 |i 9788076626478 |j https://core.palmknihy.cz/api/books/403451/preview.epub |k https://core.palmknihy.cz/api/books/403451/preview.pdf |l |q 49 |r 1 |s https://www.palmknihy.cz/kniha/403451 |t ebook |y 2024 |z 0 |v Inspektorka Lexi Bennettová |w 1 | ||
| 999 | |d 312357 | ||